00369pab a2200121 454500008004000000100003600040245005600076260000900132300001300141362001300154650001800167773006200185180718b2014 xxu||||| |||| 00| 0 eng d aAlam Quddusi, Kazi S.M. Khasrul aEvolution of globlization: a chronological analysis c2014 ap.39-54. aJan- Mar aGlobalization aIASSI Quarterly - Contributions to Indian Social science